Kto spadał z PGE Ekstraligi w danym sezonie - Statystyki

Ogólne statystyki
  • Ten quiz został rozwiązany 113 razy
  • Średni wynik to 11 z 16
Statystyki odpowiedzi
Hint Odpowiedź % Poprawnych
2024 Unia Leszno
97%
2023 Wilki Krosno
92%
2020 Row Rybnik
89%
2017 Row Rybnik
89%
2019 Apator Toruń
85%
2021 Falubaz Zielona Góra
84%
2018 Unia Tarnów
78%
2016 Unia Tarnów
78%
2008 Unia Tarnów
78%
2007 Polonia Bydgoszcz
75%
2014 Wybrzeże Gdańsk
64%
2012 Wybrzeże Gdańsk
64%
2010 Włókniarz Częstochowa
56%
2015 Gkm Grudziądz
52%
2022 Malesa Ostrów
14%
2009 Atlas Wrocław
8%
Nie znaleziono quizów pasujących do podanych kryteriów
Rozkład punktacji
Procent ludzi z każdym wynikiem
Percentyl według liczby udzielonych odpowiedzi
Twoja historia wyników
Nie rozwiązałeś tego quizu